| 000 | 00656nam a2200217 a 4500 | ||
|---|---|---|---|
| 999 |
_c8734 _d8734 |
||
| 001 | 8734 | ||
| 003 | BD-JhCC | ||
| 005 | 20180529122134.0 | ||
| 008 | 180301s19731985bg |||| ||a| 000 0 be d | ||
| 035 | _a(BD-JhCC)8734 | ||
| 040 |
_aBD-JhCC _dBD-JhCC |
||
| 041 | _aben | ||
| 082 |
_a491.444 _bARZ 1973 |
||
| 100 | _aআচার্য, পি. | ||
| 245 |
_aমাধ্যমিক রচনা বিচিন্তা / _cপি আচার্য . |
||
| 260 |
_aকলিকাতা: _bরবীন্দ্র লাইব্ররী ; _c1973. |
||
| 300 |
_a291 p. : _c22 cm. |
||
| 651 | _aBengali Language. | ||
| 942 |
_2lcc _cBK |
||